000 00908cam a22002898i 4500
001 18723480
003 SISC
005 20160929144714.0
008 150730s2016 flu b 001 0 eng
010 _a 2015029285
020 _a9781482242836 (alk. paper)
040 _aDLC
_beng
_cDLC
_erda
042 _apcc
050 0 0 _aQA 76.585
_b.D425 2016
082 0 0 _a004.67/82
100 1 _aDe, Debashis,
_eauthor.
245 1 0 _aMobile cloud computing :
_barchitectures, algorithms and applications /
_cDebashis De.
260 _aLondon :
_bCRC Press,
_c2016.
263 _a1601
300 _axxv, 351 pages :
_billustrations ;
_c26 cm.
500 _aIncludes bibliographical references and index.
650 0 _aCloud computing.
650 0 _aMobile computing.
906 _a7
_bcbc
_corignew
_d1
_eecip
_f20
_gy-gencatlg
942 _2lcc
_cBK
999 _c305138
_d305138